Statistiques concernant Principales écoles d'officiers par pays.

Cliquez ici pour prendre le quiz!

Statistiques générales

  • Ce quiz a été pris 13 fois
  • Le résultat moyen est 2 sur 8

Statistiques - réponses

Pays Ecole % Correct
FranceEcole spéciale militaire de Saint-Cyr
92%
Etats-UnisWest Point
50%
Royaume-UniAcadémie royale militaire de Sandhurst
17%
CanadaCollège militaire royal de Saint-Jean ;
8%
ItalieAcadémie militaire de Modène ;
8%
AllemagneUniversité de la Bundeswehr
8%
ChineAcadémie de Baoding
8%
RussieAcadémie militaire Frounze
8%

Distribution des résultats

Percentile by Number Answered

% des personnes avec chaque résultat

Votre développement - résultats

Vous n’avez pas pris ce quiz